50 χρόνια για την εκπαίδευση

Αποθηκεύτηκε σε:
Λεπτομέρειες βιβλιογραφικής εγγραφής
Συγγραφή απο Οργανισμό/Αρχή: Unesco
Μορφή: Βιβλίο
Γλώσσα:Greek
Δημοσίευση: Paris : Unesco, c1997.
Θέματα:
Ετικέτες: Προσθήκη ετικέτας
Δεν υπάρχουν, Καταχωρήστε ετικέτα πρώτοι!

MARC

LEADER 00000cam a2200000 i 4500
001 1/83386
008 990602s1997 gr | ||| |||| ||gre||
035 |l 10051335 
035 |l 10067209 
040 |a GR-MyUA  |b gre  |e AACR2 
041 0 |a gre 
082 0 |a 341.767  
110 2 |a Unesco. 
245 1 0 |a 50 χρόνια για την εκπαίδευση /   |c Unesco.  
246 1 |i Τίτλος εξωφύλλου:   |a 1946 Unesco :   |b 50 χρόνια για την εκπαίδευση 
260 |a Paris :   |b Unesco,   |c c1997.  
300 |a 285 σ. :   |b εικ., σχέδια ;   |c 22 εκ. +   |e 2 οπτικοί δίσκοι (3 1/4 ιν.).  
610 2 0 |a Unesco. 
650 0 0 |a Education  |x International cooperation. 
650 0 0 |a Educational equalization. 
650 0 0 |a Literacy. 
852 |a INST  |b CHIOS  |e 20010830  |h 341.767 UNE  |p 005200021111  |q 005200021111  |t BK  |y 0 
852 |a INST  |b CHIOS  |e 20220608  |h 341.767 UNE  |p 005200021114  |q 005200021114  |t BK  |y 0 
852 |a INST  |b CHIOS  |e 20220608  |h 341.767 UNE  |p 005200021115  |q 005200021115  |t BK  |y 0 
852 |a INST  |b CHIOS  |e 20010903  |h 341.767 UNE  |p 005200021103  |q 005200021103  |t BK  |y 0 
852 |a INST  |b CHIOS  |e 20220608  |h 341.767 UNE  |p 005200021113  |q 005200021113  |t BK  |y 0 
852 |a INST  |b CHIOS  |e 20010903  |h 341.767 UNE  |p 005200021104  |q 005200021104  |t BK  |y 0 
852 |a INST  |b CHIOS  |e 20220608  |h 341.767 UNE  |p 005200021112  |q 005200021112  |t BK  |y 0 
852 |a INST  |b LESVOS  |e 20220610  |h 341.767 UNE  |p 005100016022  |q 005100016022  |t BK  |y 0 
852 |a INST  |b LESVOS  |e 20220610  |h 341.767 UNE  |p 005100024086  |q 005100024086  |t BK  |y 0 
852 |a INST  |b LESVOS  |e 20220610  |h 341.767 UNE  |p 005100024089  |q 005100024089  |t BK  |y 0 
852 |a INST  |b LESVOS  |e 20220610  |h 341.767 UNE  |p 005100015950  |q 005100015950  |t BK  |y 0 
852 |a INST  |b LESVOS  |e 20220610  |h 341.767 UNE  |p 005100024087  |q 005100024087  |t BK  |y 0 
852 |a INST  |b RHODES  |e 20220608  |h 341.767 UNE  |p 005400013427  |q 005400013427  |t BK  |y 0 
852 |a INST  |b SAMOS  |e 20220608  |h 341.767 UNE  |p 005300020511  |q 005300020511  |t BK  |y 0 
852 |a INST  |b SAMOS  |e 20220608  |h 341.767 UNE  |p 005300020510  |q 005300020510  |t BK  |y 0 
852 |a INST  |b SAMOS  |e 20220608  |h 341.767 UNE  |p 005300020509  |q 005300020509  |t BK  |y 0 
901 |a BIBL2-2001-2 
901 |a BIBL3-2001-2 
901 |a BIBL4-2000-2 
901 |a BIBL2-2001-2 
970 |z 2000/06/ΟΙΚΟΝΟΜΟΠΟΥΛΟΥ ΧΡΙΣΤΙΝΑ